000 01251cam a22002894a 4500
001 13696705
005 20050812141744.0
008 040824s2005 njua b 001 0 eng
020 _a0130159204
040 _aDLC
_cDLC
_dDLC
082 0 0 _a005.117
_222
_bBLA
100 1 _aBlaha, Michael.
_930338
245 1 0 _aObject-Oriented Modeling and Design with UML /
_cMichael Blaha, James Rumbaugh.
250 _a2nd ed.
260 _aUpper Saddle River, NJ :
_bPearson Education,
_c2005.
300 _axvii, 477 p. :
_bill. ;
_c24 cm.
500 _aRev. ed of: Object-oriented modeling and design / James Rumbaugh. 1991.
504 _aIncludes bibliographical references and index.
650 0 _aObject-oriented methods (Computer science)
_930339
650 0 _aUML (Computer science)
_930340
653 _bCS
_cJuly2012
700 1 _aRumbaugh, James.
_930341
700 1 _aRumbaugh, James.
_tObject-oriented modeling and design.
_930342
942 _2ddc
_cBB
999 _c16819
_d16819